LEADER 01820nam 2200565Ia 450 001 9910783079303321 005 20200520144314.0 035 $a(CKB)1000000000003755 035 $a(SSID)ssj0000280381 035 $a(PQKBManifestationID)11912419 035 $a(PQKBTitleCode)TC0000280381 035 $a(PQKBWorkID)10269001 035 $a(PQKB)11718262 035 $a(MiAaPQ)EBC3155744 035 $a(Au-PeEL)EBL3155744 035 $a(CaPaEBR)ebr10039980 035 $a(OCoLC)928634526 035 $a(NjHacI)991000000000003755 035 $a(EXLCZ)991000000000003755 100 $a20000224d1999 uy 0 101 0 $aeng 135 $aurcn||||||||| 181 $ctxt 182 $cc 183 $acr 200 00$aHow abundant?$b[electronic resource] $eassessing the estimates of natural gas supply 210 $aWashington, D.C. $cEnvironmental Law Institute$dc1999 210 1$aWashington, D.C. :$cEnvironmental Law Institute,$d1999. 215 $a28 p. $cill 225 1 $aEnvironmental Law Institute research report 300 $aBibliographic Level Mode of Issuance: Monograph 311 $a0-911937-89-7 410 0$aEnvironmental Law Institute research report. 517 3 $aAssessing the estimates of natural gas supply 606 $aGas industry$zUnited States$xForecasting 606 $aGas industry$zCanada$xForecasting 606 $aNatural gas reserves$zUnited States 606 $aNatural gas reserves$zCanada 615 0$aGas industry$xForecasting. 615 0$aGas industry$xForecasting. 615 0$aNatural gas reserves 615 0$aNatural gas reserves 676 $a338.23 801 0$bMiAaPQ 801 1$bMiAaPQ 801 2$bMiAaPQ 906 $aBOOK 912 $a9910783079303321 996 $aHow abundant$93830054 997 $aUNINA LEADER 04228nam 2200901Ia 450 001 9910778042303321 005 20200520144314.0 010 $a0-8173-8015-9 035 $a(CKB)1000000000774975 035 $a(EBL)454573 035 $a(OCoLC)427561106 035 $a(SSID)ssj0000358851 035 $a(PQKBManifestationID)11278912 035 $a(PQKBTitleCode)TC0000358851 035 $a(PQKBWorkID)10378907 035 $a(PQKB)10618113 035 $a(SSID)ssj0000138336 035 $a(PQKBManifestationID)11148262 035 $a(PQKBTitleCode)TC0000138336 035 $a(PQKBWorkID)10096610 035 $a(PQKB)10913370 035 $a(MdBmJHUP)muse8625 035 $a(Au-PeEL)EBL454573 035 $a(CaPaEBR)ebr10309016 035 $a(MiAaPQ)EBC454573 035 $a(EXLCZ)991000000000774975 100 $a20040113d2004 ub 0 101 0 $aeng 135 $aur|n|---||||| 181 $ctxt 182 $cc 183 $acr 200 10$aDialect and dichotomy$b[electronic resource] $eliterary representations of African American speech /$fLisa Cohen Minnick 210 $aTuscaloosa, Al. ;$a[Great Britain] $cUniversity of Alabama Press$d2004 215 $a1 online resource (217 p.) 300 $aDescription based upon print version of record. 311 $a0-8173-5423-9 311 $a0-8173-1399-0 320 $aIncludes bibliographical references (p. [175]-181) and index. 327 $aA Brief History of American literary dialect -- Linguists, literary critics, and literary dialect -- Methodology -- Articulating Jim: language and characterization in Huckleberry Finn -- "A high, holy purpose": dialect in Charles W. Chesnutt's conjure tales -- Representations of speech and attitudes about race in the sound and the fury -- Community in conflict: saying and doing in their eyes were watching god. 330 $a Applies linguistics methods for a richer understanding of literary texts and spoken language. Dialect and Dichotomy outlines the history of dialect writing in English and its influence on linguistic variation. It also surveys American dialect writing and its relationship to literary, linguistic, political, and cultural trends, with emphasis on African American voices in literature. Furthermore, this book introduces and critiques canonical works in literary dialect analysis and covers recent, innovative applications of linguistic analysis of literature. Nex 606 $aAmerican literature$xAfrican American authors$xHistory and criticism 606 $aAmerican literature$zSouthern States$xHistory and criticism 606 $aAmerican literature$xWhite authors$xHistory and criticism 606 $aAmerican literature$y20th century$xHistory and criticism 606 $aDialect literature, American$xHistory and criticism 606 $aEnglish language$xSpoken English$zUnited States 606 $aEnglish language$xDialects$zUnited States 606 $aAfrican Americans$xIntellectual life 606 $aAfrican Americans in literature 606 $aAfrican Americans$xLanguages 606 $aBlack English in literature 606 $aAmericanisms in literature 606 $aSpeech in literature 615 0$aAmerican literature$xAfrican American authors$xHistory and criticism. 615 0$aAmerican literature$xHistory and criticism. 615 0$aAmerican literature$xWhite authors$xHistory and criticism. 615 0$aAmerican literature$xHistory and criticism. 615 0$aDialect literature, American$xHistory and criticism. 615 0$aEnglish language$xSpoken English 615 0$aEnglish language$xDialects 615 0$aAfrican Americans$xIntellectual life. 615 0$aAfrican Americans in literature. 615 0$aAfrican Americans$xLanguages. 615 0$aBlack English in literature. 615 0$aAmericanisms in literature. 615 0$aSpeech in literature. 676 $a810.9/975 676 $a810.9896073 676 $a810.9975 700 $aMinnick$b Lisa Cohen$01553422 801 0$bMiAaPQ 801 1$bMiAaPQ 801 2$bMiAaPQ 906 $aBOOK 912 $a9910778042303321 996 $aDialect and dichotomy$93813967 997 $aUNINA LEADER 02029oas 22008053a 450 001 9910219896003321 005 20251106213014.0 011 $a1949-0275 035 $a(OCoLC)38949977 035 $a(CONSER) 2009200300 035 $a(CKB)962824856022 035 $a(EXLCZ)99962824856022 100 $a19980414a19359999 sy a 101 0 $aeng 135 $aur||||||||||| 181 $ctxt$2rdacontent 182 $cc$2rdamedia 183 $acr$2rdacarrier 200 14$aThe education digest 210 $aAnn Arbor, MI $cPrakken Publications 215 $a1 online resource (volumes) 311 0 $a0013-127X 517 1 $aEd digest 606 $aEducation$vPeriodicals 606 $aE?ducation$vPe?riodiques 606 $aEducation$2fast$3(OCoLC)fst00902499 606 $aEducation$vPeriodicals$2nli 606 $aE?ducation$2rasuqam 606 $aEnseignement$2rasuqam 606 $aAdministration scolaire$2rasuqam 608 $aperiodicals.$2aat 608 $aPeriodicals.$2fast 608 $aPeriodicals.$2lcgft 608 $aPe?riodique e?lectronique (Descripteur de forme)$2rasuqam 608 $aRessource Internet (Descripteur de forme)$2rasuqam 608 $aPe?riodiques.$2rvmgf 615 0$aEducation 615 6$aE?ducation 615 7$aEducation. 615 7$aEducation 615 7$aE?ducation. 615 7$aEnseignement. 615 7$aAdministration scolaire. 676 $a370 801 0$bFGA 801 1$bFGA 801 2$bOCL 801 2$bMPB 801 2$bOCL 801 2$bOCLCQ 801 2$bNSD 801 2$bOCLCQ 801 2$bOCLCO 801 2$bOCLCQ 801 2$bOCLCF 801 2$bOCLCO 801 2$bVT2 801 2$bOCLCQ 801 2$bDYJ 801 2$bOCLCQ 801 2$bCUS 801 2$bUAB 801 2$bOCLCL 801 2$bOCLCE 801 2$bCSU 801 2$bOCLCQ 906 $aJOURNAL 912 $a9910219896003321 996 $aThe education digest$91950584 997 $aUNINA